| 000 | 00551nam a22001937a 4500 | ||
|---|---|---|---|
| 040 | _aISFD N° 12 | ||
| 082 |
_a378.1030982 _bMin |
||
| 111 | _aMinisterio de Educacion | ||
| 240 | _aRecorridos de la extension y la investigacion | ||
| 245 | _aRecorridos de la extension y la investigacion | ||
| 250 | _a1a. | ||
| 260 |
_aNeuquen _bWatkins Tomas _c2023 |
||
| 300 | _a240p. | ||
| 650 | _aEducacion superior-Didactica | ||
| 942 |
_2ddc _cLIB |
||
| 999 |
_c6997 _d6997 |
||